000 00789ckm a22002295a 4500
001 L140616
008 071002s1905 xxk eng u
035 _a(Sirsi) u140616
041 0 _aeng
245 0 1 _a[Photograph of Daniel Watney
_bFebruary 1905]
_h[graphic]
260 _c1905
300 _a1 photograph
_bb&w
_c27 x 20 cm.
340 _aPhotographic reproduction
351 _cSingle item
500 _aPhotograph of Daniel Watney, signed in pencil and dated February 1905.
500 _aThe photograph is reproduced on to a larger sheet of paper.
520 _aDaniel Watney (1835-1923) was a founder member of the Surveyors' Institution, and was President from 1895-7.
600 1 4 _aWatney, Daniel
651 4 _aUnited Kingdom
_y
690 _aABOUT RICS
942 _n0
999 _c116392
_d116392